000 00461nam a22001937a 4500
005 20230516094936.0
008 230516b |||||||| |||| 00| 0 eng d
020 _a9781292000695
082 _a150.15195
_bHOW-I
100 _aHowwitt;Dennis
245 _aIntroduction to SPSS in Psychology
250 _a6th ed.
260 _aUK
_bPearson
300 _a554
500 _aIncludes Index
650 _aPsychology
700 _aDennis Howitt
999 _c18353
_d18353